| 000 | 00338nam a2200121Ia 4500 | ||
|---|---|---|---|
| 008 | 210430s9999 xx 000 0 und d | ||
| 082 | _a660.6 T1286 P | ||
| 100 | _aM A .Tahir | ||
| 245 |
_aProcess Control Application in Chemical Industry / _cM A .Tahir |
||
| 260 |
_aLahore _bMaktab Quddusia _c2009 |
||
| 300 | _a859 p | ||
| 942 |
_cBK _2ddc |
||
| 999 |
_c565017 _d565017 |
||